Normal view
MARC view
- College students
Entry Topical Term
001 - CONTROL NUMBER
- control field: 285665
003 - CONTROL NUMBER IDENTIFIER
- control field: KE-NaSUL
005 - DATE AND TIME OF LATEST TRANSACTION
- control field: 20250827093535.0
008 - FIXED-LENGTH DATA ELEMENTS
- fixed length control field: 250827|| aca||aabn | a|a d
040 ## - CATALOGING SOURCE
- Original cataloging agency: KE-NaSUL
- Transcribing agency: KE-NaSUL
150 ## - HEADING--TOPICAL TERM
- Topical term or geographic name as entry element: College students
- Geographic subdivision: Japan
670 ## - SOURCE DATA FOUND
- Source citation: Work cat.: (KE-NaSUL)262348: Ohnuki-Tierney, Emiko. 215106, Kamikaze, cherry blossoms, and nationalisms, 2002.